Surface and symbol : (Record no. 18594)
[ view plain ]
| 000 -LEADER | |
|---|---|
| fixed length control field | 00729nam a22002292i 4500 |
| 001 - CONTROL NUMBER | |
| control field | 18594 |
| 003 - CONTROL NUMBER IDENTIFIER | |
| rucl marc code | BD-RjUL |
| 005 - DATE AND TIME OF LATEST TRANSACTION | |
| control field | 20240211115320.0 |
| 008 - FIXED-LENGTH DATA ELEMENTS--GENERAL INFORMATION | |
| fixed length control field | 140220s1962 nyu 000 0 eng d |
| 035 ## - SYSTEM CONTROL NUMBER | |
| System control number | (BD-RjUL)18594 |
| 040 ## - CATALOGING SOURCE | |
| Original cataloging agency | IRU |
| Transcribing agency | IRU |
| Modifying agency | OCL |
| -- | EQO |
| -- | BD-RjUL |
| Language of cataloging | eng |
| 041 ## - LANGUAGE CODE | |
| Language code of text/sound track or separate title | eng |
| 082 ## - DEWEY DECIMAL CLASSIFICATION NUMBER | |
| Classification number | 823.9 |
| Author mark and year | ADS 1962 |
| 100 1# - MAIN ENTRY--PERSONAL NAME | |
| Personal name | Adams, Robert Martin, |
| Dates associated with a name | 1915- |
| 9 (RLIN) | 55735 |
| 245 10 - TITLE STATEMENT | |
| Title | Surface and symbol : |
| Remainder of title | the consistency of James Joyce's Ulysses / |
| Statement of responsibility, etc. | Robert Martin Adams |
| 260 ## - PUBLICATION, DISTRIBUTION, ETC. (IMPRINT) | |
| Place of publication, distribution, etc. | New York : |
| Name of publisher, distributor, etc. | Oxford University Press, |
| Date of publication, distribution, etc. | c1962. |
| 300 ## - PHYSICAL DESCRIPTION | |
| Pagination | xix, 290 p. ; |
| Size | 20 cm |
| 504 ## - BIBLIOGRAPHY, ETC. NOTE | |
| Bibliography, etc | Includes bibliographical references and index |
| 600 10 - SUBJECT ADDED ENTRY--PERSONAL NAME | |
| Personal name | Joyce, James, |
| Dates associated with a name | 1882-1941. |
| 830 #0 - SERIES ADDED ENTRY--UNIFORM TITLE | |
| Uniform title | Galaxy book |
| 942 ## - ADDED ENTRY ELEMENTS (KOHA) | |
| Source of classification or shelving scheme | Dewey Decimal Classification |
| Koha item type | Books |
| Lost status | Source of classification or shelving scheme | Damaged status | Not for loan | Collection code | Permanent Location | Current Location | Shelving location | Date acquired | Source of acquisition | Cost, normal purchase price | Total Checkouts | Full call number | Date last seen | Copy number | Koha item type |
|---|---|---|---|---|---|---|---|---|---|---|---|---|---|---|---|
| Dewey Decimal Classification | Not For Loan | Fiction | Central Library, University of Rajshahi | Central Library, University of Rajshahi | Reading Room | 05/11/1968 | Zeitlinger | 64.00 | 823.9 ADS 1962 | 20/02/2014 | C-1 | Books | |||
| Dewey Decimal Classification | Fiction | Central Library, University of Rajshahi | Central Library, University of Rajshahi | General Stacks | 05/11/1968 | Zeitlinger | 64.00 | 823.9 ADS 1962 | 11/02/2024 | C-2 | Books |